| 000 | 00604nam a22001937a 4500 | ||
|---|---|---|---|
| 999 |
_c181959 _d181959 |
||
| 005 | 20211012112039.0 | ||
| 010 | _aB-741748 | ||
| 020 |
_c250.00 _a9789388322836 |
||
| 035 | _aB-741748 | ||
| 037 | _bGift | ||
| 082 | _aS | ||
| 100 | _aArunachalam,Anupam | ||
| 245 |
_aYoung Pandavas: _bThe Royal Tournament / _cAnupam Arunachalam |
||
| 260 |
_aGurugram _bHachette Book Publishing _c2020 |
||
| 270 |
_a4th and 5th Floors, Corporate Centre, Plot No.94 _bGurugram _e122003 |
||
| 300 |
_a195 p. _c21cm(pbk) _bill |
||
| 942 |
_2ddc _cCH _hS _mARU |
||